000 00998nam a22003257a 4500
003 CHAP
005 20220329134218.0
008 971013s1981 r 00010 d
010 _a17031
011 _a18003
035 _a22087
040 _cCHAP
082 _a552.06
_bJ4 1981
100 0 0 _aJeffery, Paul Geoffrey.
_961282
245 _aChemical methods of rock analysis
250 _a3 ed.
260 _aOxford :
_bPergamon,
_c1981
300 _a379 p
490 _aPergamn series in analytical chemistry
_v; 4
590 _aBATCH-UPD
_b10
_c20130110
_lUCH01
_h2145
590 _aBATCH-UPD
_b10
_c20130410
_lUCH01
_h1453
590 _aBATCH-UPD
_b10
_c20130914
_lUCH01
_h1907
590 _aCONVERSION
_b10
_c20130109
_lUCH01
_h1311
650 1 4 _aRocas
_xAnĂ¡lisis.
_998162
700 0 _aHutchinson, D.
_957025
830 0 _aPergamn series in analytical chemistry
_v; 4
_987154
901 _aBK
942 _cLIBRO
949 _a552.06 J4 1981
_bBC
_cLIBRO
_d33724000477956
_eLIBRO
_h57469
_i22087
_si
999 _c17031
_d17031